Try to guess best 30 mlb players - Statistics

General Stats
  • This quiz has been taken 269 times
  • The average score is 12 of 30
Answer Stats
Hint Answer % Correct
Angels trout
97%
dodgers kershaw
79%
tigers cabrera
75%
nationals harper
65%
red sox betts
62%
rockies arenado
60%
cubs bryant
58%
astros altuve
56%
cubs rizzo
54%
nationals scherzer
46%
indians lindor
45%
indians kluber
36%
giants posey
36%
orioles machado
35%
astros correa
31%
blue jays donaldson
31%
cubs arrieta
30%
mariners cruz
30%
mariners cano
28%
red sox ortiz
28%
d backs goldschmidt
27%
cubs lester
27%
white sox sale
27%
rays longoria
25%
blue jays encarnacion
22%
rockies gonzalez
22%
cubs chapman
16%
nationals murphy
9%
orioles britton
8%
indians miller
7%
No matching quizzes found
Score Distribution
Percent of People with Each Score
Percentile by Number Answered
Your Score History
You have not taken this quiz